000 00172 a2200097 4500
001 18391
100 _a
245 _a
260 _a
_bAllen Unwin
_c
090 _c13651
_d13651
942 _aNUST-CAE
_c
_c4060
999 _c253464
_d253464